IMSI Catcher / (Record no. 603350)

000 -LEADER
fixed length control field 00769nam a22001817a 4500
003 - CONTROL NUMBER IDENTIFIER
control field NUST
040 ## - CATALOGING SOURCE
Original cataloging agency 0
082 ## - DEWEY DECIMAL CLASSIFICATION NUMBER
Classification number 621.382,MUG
100 ## - MAIN ENTRY--PERSONAL NAME
Personal name Mughal, Muhammad Bilal
245 ## - TITLE STATEMENT
Title IMSI Catcher /
Statement of responsibility, etc. GC M Bilal Mughal, GC Afaq Ahmad, GC Faraz Kanwar and GC Khan Nabi. (TCC-31 / BETE-56)
264 ## - PRODUCTION, PUBLICATION, DISTRIBUTION, MANUFACTURE, AND COPYRIGHT NOTICE
Place of production, publication, distribution, manufacture Rawalpindi
Name of producer, publisher, distributor, manufacturer MCS (NUST)
Date of production, publication, distribution, manufacture, or copyright notice 2023
300 ## - PHYSICAL DESCRIPTION
Extent 86 p.;
505 ## - FORMATTED CONTENTS NOTE
Formatted contents note Introduction (Page-11), Literature Review (Page-22), Methodology (Page-31), Detailed Design and Architecture (Page-36), Implementation and Testing (Page-40), Results and Discussion (Page-75), Conclusion and Future Work (Page-79).
650 ## - SUBJECT ADDED ENTRY--TOPICAL TERM
Topical term or geographic name entry element UG EE Project
690 ## - LOCAL SUBJECT ADDED ENTRY--TOPICAL TERM (OCLC, RLIN)
Topical term or geographic name as entry element TCC-31 / BETE-56
700 ## - ADDED ENTRY--PERSONAL NAME
Personal name Supervised by Muhammad Imran Javaid
942 ## - ADDED ENTRY ELEMENTS (KOHA)
Source of classification or shelving scheme
Koha item type Project Report
Holdings
Withdrawn status Permanent Location Current Location Shelving location Date acquired Full call number Barcode Koha item type
  Military College of Signals (MCS) Military College of Signals (MCS) Thesis 10/06/2023 621.382,MUG MCSPTC-442 Project Report
© 2023 Central Library, National University of Sciences and Technology. All Rights Reserved.